Statistics for What Country Am I

Click here to take the quiz!

General Stats

  • This quiz has been taken 70 times
  • The average score is 9 of 15

Answer Stats

QuestionAnswer% Correct
I am a country that owns GreenlandDenmark
86%
My capital is BernSwitzerland
84%
I own the falklands islandsUK
78%
My capital is BratislavaSlovakia
77%
I am the least densely populated countryMongolia
72%
I am the country where Elon Musk was bornSouth Africa
70%
I am the most populated country in Europe,not including RussiaGermany
66%
I have a AK-47 on my flagMozambique
63%
I am bordering Brazil and bordering Suriname, but not bordering VenezuelaFrance
55%
I am the only country that has a city over 1.10M people that has a city starting Z and not in ChinaSwitzerland
53%
I am the most densely populated country not including micro statesBangladesh
52%
I am the most densely populated countryMonaco
52%
I have almost the same population as the city of TokyoCanada
50%
I’m bordering Egypt and Syria but I’m not IsraelPalestine
33%
I am a democratic republic nation and is bordering China, and have nukesNorth Korea
31%

Score Distribution

Percentile by Number Answered

Percent of People with Each Score

Your Score History

You have not taken this quiz